Photomicrography in theory and practice / (Record no. 7047)

MARC details
000 -LEADER
fixed length control field 00693cam a22002171 4500
001 - CONTROL NUMBER
control field BD-DhSAU 7047
003 - CONTROL NUMBER IDENTIFIER
control field BD-DhSAU
005 - DATE AND TIME OF LATEST TRANSACTION
control field 20150517113823.0
008 - FIXED-LENGTH DATA ELEMENTS--GENERAL INFORMATION
fixed length control field 740228s1944 nyua b 001 0 eng
040 ## - CATALOGING SOURCE
Original cataloging agency BD-DhSAU
082 ## - DEWEY DECIMAL CLASSIFICATION NUMBER
Classification number 778.311
Edition number 22
Item number SHP
100 1# - MAIN ENTRY--PERSONAL NAME
Personal name Shillaber, Charles Patten
Dates associated with a name 1886-
245 00 - TITLE STATEMENT
Title Photomicrography in theory and practice /
Statement of responsibility, etc. Charles Patten Shillaber
260 ## - PUBLICATION, DISTRIBUTION, ETC. (IMPRINT)
Place of publication, distribution, etc. New York :
Name of publisher, distributor, etc. J. Wiley & Sons, Inc. ;
Place of publication, distribution, etc. London :
Name of publisher, distributor, etc. Chapman & Hall, Limited ,
Date of publication, distribution, etc. c1944.
300 ## - PHYSICAL DESCRIPTION
Extent viii, 773 p. :
Other physical details ill. ;
Dimensions 22 cm.
504 ## - BIBLIOGRAPHY, ETC. NOTE
Bibliography, etc Includes bibliographical references & index.
590 ## - Name of Cataloguer
Name of Cataloger Jerin
650 #0 - SUBJECT ADDED ENTRY--TOPICAL TERM
Topical term or geographic name as entry element Photomicrography.
650 #0 - SUBJECT ADDED ENTRY--TOPICAL TERM
Topical term or geographic name as entry element Plant Pathology
942 ## - ADDED ENTRY ELEMENTS (KOHA)
Source of classification or shelving scheme Dewey Decimal Classification
Koha item type Book
Holdings
Withdrawn status Lost status Source of classification or shelving scheme Damaged status Not for loan Collection code Home library Branch Name Shelving location Date acquired Total Checkouts Full call number Barcode Date last seen Price effective from Koha item type
    Dewey Decimal Classification   Not For Loan Reference SAU Library SAU Library Reference 24/06/1998   778.311 SHP 580 17/05/2015 17/05/2015 Book